00923nam a2200241 a 4500001001000000003000500010005001700015008004100032010001100073011001100084040000900095100004000104245016200144260004100306500006000347502007700407650002900484650003500513650002500548650002500573856001600598856006700614000110930CHAP20220329144151.0141024s2014 mx fsm |||||||spa d a107392 a108364 cCHAP1 aBlanco Hernández, María Araceli10aEfecto de la temperatura nocturna en la producción de plántula de tomate (Solanum lycopersicum L.)h[En línea]cpor María Araceli Blanco Hernández. aChapingo, Méx. :bEl autor,c2014. aPara ver el contenido del material haga clic en la liga aTesis (Ing. Agr. Esp. en Fitotecnia) -- UACH. Departamento de Fitotecnia14aCultivos en invernadero.14aTemperaturaxEfecto en tomate.14aTomatexPlántulas.14aTomatexRendimiento. a1 n0000967 aFinding aiduhttp://10.13.5.2/tesis/sist110.pdfzTeclea aquí